• 首页
  • 本馆介绍
  • 公告通知
  • 最新文献
  • 馆藏检索
  • 电子资源
  • 读者导购
  • 参考咨询
  • 我的图书馆
  • 登录
  • 详细信息显示
  • 放入我的书架
  • 预约/预借图书
  • 作者相关作品
  • 分类相关作品
  • 丛书相关作品
  • 出版社相关作品

书目信息

  • 表格格式
  • 工作单格式
  • 卡片格式
题名:
文字的眼睛
    
 
作者: 龚静 著
分册:  
出版信息: 天津   百花文艺出版社  2003
页数: 245页
开本: 20cm
丛书名: 看·听·读丛书
单 册:
中图分类: J051
科图分类:
主题词: 艺术评论--世界--文集 , 艺术评论
电子资源:
ISBN: 7-5306-3567-0
000 00856oam2 2200265 450
001 002316986
005 20031204101705.0
010    @a7-5306-3567-0@dCNY14.00
100    @a20030304d2003 em y0chiy0110 ea
101 0  @achi
102    @aCN@b120000
105    @aa z 000cy
200 1  @a文字的眼睛@Awen zi de yan jing@f龚静著@Fgong jing zhu
210    @a天津@c百花文艺出版社@d2003
215    @a245页@c插图@d20cm
225 2  @a看·听·读丛书
330    @a本书包括以灵魂的方式行走、雨过天晴云破色、境亭水月、细节在场等几部分,收录作者用文字来描绘所看到的艺术作品的感觉,其中涉及到绘画、摄影、影视、工艺美术和建筑等。
410  0 @12001 @a看·听·读丛书
606 0  @a艺术评论@y世界@j文集
606 0  @a艺术评论
690    @aJ051@v4
701  0 @a龚静@Agong jing@4著
801  0 @aCN@bNLC@c20031205
905    @aBZT@dJ051@e1
906    @dCNY14.00@n0@r1
    
    文字的眼睛/龚静著.-天津:百花文艺出版社,2003
    245页:插图;20cm.-(看·听·读丛书)
    
    
    ISBN 7-5306-3567-0:CNY14.00
    本书包括以灵魂的方式行走、雨过天晴云破色、境亭水月、细节在场等几部分,收录作者用文字来描绘所看到的艺术作品的感觉,其中涉及到绘画、摄影、影视、工艺美术和建筑等。
●
相关链接 在五车中查询图书 在当当中查询图书 在豆瓣中查询图书


正题名:文字的眼睛     索取号:J051/1         预约/预借

序号 登录号 条形码 馆藏地/架位号 状态 备注
1 438881   210673029   中心书库中库/ 中库016架A面1列3层40/ [索取号:J051/1] 在馆    
2 438882   210673010   中心书库中库/ 中库016架A面1列3层46/ [索取号:J051/1] 在馆    
3 438883   210673047   中心书库中库/ 中库016架A面1列3层43/ [索取号:J051/1] 在馆    
4 438884   210673038   中心书库中库/ 中库016架A面1列3层42/ [索取号:J051/1] 在馆    
5 438885   210673065   中心书库中库/ 中库016架A面1列3层45/ [索取号:J051/1] 在馆    
6 438886   210673056   中心书库中库/ 中库016架A面1列3层39/ [索取号:J051/1] 在馆    
7 438887   210673083   中心书库中库/ 中库016架A面1列3层44/ [索取号:J051/1] 在馆    
8 438888   210673074   中心书库中库/ 中库016架A面1列3层41/ [索取号:J051/1] 在馆    
9 438889   210673109   中心书库中库/ 中库016架A面1列3层37/ [索取号:J051/1] 在馆    
10 438890   210673092   中心书库中库/ 中库016架A面1列3层38/ [索取号:J051/1] 在馆    
山东省滨州职业学院图书馆 欢迎您!
大连网信软件有限公司© 版权所有